• 首页
  • 本馆介绍
  • 公告通知
  • 最新文献
  • 馆藏检索
  • 电子资源
  • 读者导购
  • 参考咨询
  • 我的图书馆
  • 登录
  • 详细信息显示
  • 放入我的书架
  • 预约/预借图书
  • 作者相关作品
  • 分类相关作品
  • 丛书相关作品
  • 出版社相关作品

书目信息

  • 表格格式
  • 工作单格式
  • 卡片格式
题名:
峡口古镇
    
 
作者: 罗德胤 著
分册:  
出版信息: 上海   上海三联书店  2009.04
页数: 315页
开本: 23cm
丛书名: 乡土记忆丛书
单 册:
中图分类: TU-862
科图分类:
主题词: 乡镇--建筑艺术--研究--江山市 , 乡镇 , 建筑艺术
电子资源:
ISBN: 978-7-5426-2960-9
000 00856oam2 2200277 450
001 010010036330
005 20100325094117.93
010    @a978-7-5426-2960-9@dCNY63.00
100    @a20090522d2009 em y0chiy0110 ea
101 0  @achi
102    @aCN@b310000
105    @aab z 000yy
106    @ar
200 1  @a峡口古镇@9xia kou gu zhen@f罗德胤著
210    @a上海@c上海三联书店@d2009.04
215    @a315页@c图,照片,地图@d23cm
225 2  @a乡土记忆丛书
330    @a本书主要内容包括:仙霞北麓钱江源、峡口的兴起、商人与店铺、手工业者、住宅、祠堂和大厅、庙宇、桥、亭、渠及其他、三卿口造纸村等。
461  0 @12001 @a乡土记忆丛书
606 0  @a乡镇@x建筑艺术@x研究@y江山市
606 0  @a乡镇
606 0  @a建筑艺术
690    @aTU-862@v4
701  0 @a罗德胤@9luo de yin@4著
801  0 @aCN@bRENTIAN@c20100325
905    @b799277-82@dTU-862@e84@f6
    
    峡口古镇/罗德胤著.-上海:上海三联书店,2009.04
    315页:图,照片,地图;23cm.-(乡土记忆丛书)
    
    
    ISBN 978-7-5426-2960-9:CNY63.00
    本书主要内容包括:仙霞北麓钱江源、峡口的兴起、商人与店铺、手工业者、住宅、祠堂和大厅、庙宇、桥、亭、渠及其他、三卿口造纸村等。
●
相关链接 在E读中查询图书 在五车中查询图书 在当当中查询图书 在豆瓣中查询图书


正题名:峡口古镇     索取号:TU-862/84         预约/预借

序号 登录号 条形码 馆藏地/架位号 状态 备注
1 799277   207992779   第二样本阅览室/ [索取号:TU-862/84] 在馆    
2 799278   207992788   第三借阅区/ [索取号:TU-862/84] 在馆    
3 799279   207992797   第三借阅区/ [索取号:TU-862/84] 在馆    
4 799280   207992804   第三借阅区/ [索取号:TU-862/84] 在馆    
5 799281   207992813   第三借阅区/ [索取号:TU-862/84] 在馆    
6 799282   207992822   第三借阅区/ [索取号:TU-862/84] 在馆    
唐山师范学院图书馆 欢迎您!
大连网信软件有限公司© 版权所有